Catálogo
 En Linea

Mis promesas son los hechos. (Registro nro. 41975)

Detalles MARC
000 -CABECERA
campo de control de longitud fija 00249nam a2200097 a 4500
005 - FECHA Y HORA DE LA ÚLTIMA TRANSACCIÓN
campo de control 20201002040201.0
008 - DATOS DE LONGITUD FIJA--INFORMACIÓN GENERAL
campo de control de longitud fija 131204s2009 000 spa d
040 ## - FUENTE DE LA CATALOGACIÓN
Centro catalogador/agencia de origen DO-SdBNP
245 #0 - MENCIÓN DE TÍTULO
Título Mis promesas son los hechos.
260 ## - PUBLICACIÓN, DISTRIBUCIÓN, ETC.
Lugar de publicación, distribución, etc. [Santo Domingo],
Fecha de publicación, distribución, etc. [2009].

No hay ítems disponibles.

Con tecnología Koha